INFOS '80 zborník z 10. informatického seminára, konaného v dňoch 21. - 24. apríla 1980 v Liptovskom Jáne

Na minha lista:
Detalhes bibliográficos
Corporate Authors: INFOS '80. Informatický seminár, Zväz slovenských knihovníkov a informatikov
Outros Autores: Kimlička, Štefan
Formato: Livro
Idioma:eslovaco
tcheco
Publicado em: Bratislava ALFA 1980
Assuntos:
Tags: Adicionar Tag
Sem tags, seja o primeiro a adicionar uma tag!

MARC

LEADER 00000nam$a2200000$$$4500
001 0025057
005 20240223083944.4
041 0 |a slo 
041 0 |a cze 
044 |a SK 
245 1 0 |a INFOS '80  |b zborník z 10. informatického seminára, konaného v dňoch 21. - 24. apríla 1980 v Liptovskom Jáne  |c [zostavil : Štefan Kimlička] 
264 1 |a Bratislava  |b ALFA  |c 1980 
300 |a 217 s. 
610 2 0 |a knihoveda 
610 2 0 |a knihovníctvo 
610 2 0 |a spracovanie dát automatické 
610 2 0 |a unifikácia 
610 2 0 |a integrácia 
610 2 0 |a využitie počítačov 
610 2 0 |a tezaury 
610 2 0 |a systémy informačné 
700 1 |a Kimlička, Štefan 
110 2 |a INFOS '80. Informatický seminár 
710 2 |a Zväz slovenských knihovníkov a informatikov